<?xml version="1.0" encoding="UTF-8"?>
<record
    xmlns:xsi="http://www.w3.org/2001/XMLSchema-instance"
    xsi:schemaLocation="http://www.loc.gov/MARC21/slim http://www.loc.gov/standards/marcxml/schema/MARC21slim.xsd"
    xmlns="http://www.loc.gov/MARC21/slim">

  <leader>00627nam a22001937a 4500</leader>
  <controlfield tag="005">20231205170105.0</controlfield>
  <datafield tag="010" ind1=" " ind2=" ">
    <subfield code="a">ENG-138456</subfield>
  </datafield>
  <datafield tag="020" ind1=" " ind2=" ">
    <subfield code="c">1125.00</subfield>
    <subfield code="a">9788189926892</subfield>
  </datafield>
  <datafield tag="035" ind1=" " ind2=" ">
    <subfield code="a">EN-121988</subfield>
  </datafield>
  <datafield tag="037" ind1=" " ind2=" ">
    <subfield code="b">DBAD/PUB</subfield>
  </datafield>
  <datafield tag="082" ind1=" " ind2=" ">
    <subfield code="a">500</subfield>
  </datafield>
  <datafield tag="100" ind1=" " ind2=" ">
    <subfield code="a">Khanna, Mudit </subfield>
    <subfield code="9">59535</subfield>
  </datafield>
  <datafield tag="245" ind1=" " ind2=" ">
    <subfield code="a">All India:</subfield>
    <subfield code="b">Postgradute Medical Entrence/</subfield>
    <subfield code="c">By Mudit Khanna </subfield>
  </datafield>
  <datafield tag="260" ind1=" " ind2=" ">
    <subfield code="a">Lucknow</subfield>
    <subfield code="b">Aditya Medical Books Pvt. Ltd.</subfield>
    <subfield code="c">2015</subfield>
  </datafield>
  <datafield tag="270" ind1=" " ind2=" ">
    <subfield code="b">luknow</subfield>
    <subfield code="a">2/4 Avadh comlex, 5 Cantt road, Lucknow U.P</subfield>
    <subfield code="e">110002</subfield>
    <subfield code="m">adityamedical@gmail.com</subfield>
  </datafield>
  <datafield tag="300" ind1=" " ind2=" ">
    <subfield code="a">1400 p.</subfield>
    <subfield code="c">28cm (pbk)</subfield>
  </datafield>
  <datafield tag="600" ind1=" " ind2=" ">
    <subfield code="d"> </subfield>
    <subfield code="9">59536</subfield>
  </datafield>
  <datafield tag="942" ind1=" " ind2=" ">
    <subfield code="2">ddc</subfield>
    <subfield code="c">EN</subfield>
    <subfield code="h">500</subfield>
    <subfield code="m">KHA</subfield>
    <subfield code="e">Thirteen </subfield>
  </datafield>
  <datafield tag="999" ind1=" " ind2=" ">
    <subfield code="c">199242</subfield>
    <subfield code="d">199242</subfield>
  </datafield>
  <datafield tag="952" ind1=" " ind2=" ">
    <subfield code="0">0</subfield>
    <subfield code="1">0</subfield>
    <subfield code="4">0</subfield>
    <subfield code="7">0</subfield>
    <subfield code="8">NFIC</subfield>
    <subfield code="a">VP</subfield>
    <subfield code="b">VP</subfield>
    <subfield code="d">2023-11-28</subfield>
    <subfield code="e">DBAD/PUB</subfield>
    <subfield code="g">1125.00</subfield>
    <subfield code="l">0</subfield>
    <subfield code="o">500 KHA</subfield>
    <subfield code="p">EN-121988</subfield>
    <subfield code="r">2023-11-28 00:00:00</subfield>
    <subfield code="t">1</subfield>
    <subfield code="v">1125.00</subfield>
    <subfield code="w">2023-11-28</subfield>
    <subfield code="y">EN</subfield>
  </datafield>
</record>
